000 00664cam a2200241 4500
008 090401t1996 xxu||||| |||| 00| 0 eng d
020 _a1860810977
035 _a(Sirsi) u61709
041 _aeng
050 _a690
110 _aBuilding Research Establishment
245 _aCracks caused by foundation movement.
260 _aGarston, Watford
_bBuilding Research Establishment
_c1996
300 _a(4)p. : ill. ; 30cm.
350 _a0
490 _aBRE Good Repair Guide
_v1
650 _aBUILDING DEFECTS
650 _aCRACKS
650 _aGOOD REPAIR GUIDE
690 _aBUILT ENVIRONMENT-BUILDING PATHOLOGY
942 _n0
948 _c04/03/1997
999 _c94340
_d94340